000 00358nam a2200157Ia 4500
008 160316s1961 xxu||||| |||| 00| 0 eng d
082 _a823.000000
_bMAC
100 _aMaclean Alistair
245 _aFear is the key
250 _a
260 _aLondon
_bFonatana
_c1961
300 _a224p
_b
_c
365 _b $ 1.95
650 _a1. Fiction
700 _a
_a
999 _c33333
_d33333